|
|
|
|
| LEADER |
01038nam a2200217 a 4500 |
| 001 |
GR-MES4002 |
| 008 |
991111s1994 gr 000 0 gre d |
| 020 |
|
|
|a 9602364688
|
| 040 |
|
|
|a GrPaTEI
|b gre
|c GR-PaULI
|
| 100 |
1 |
|
|a Παπακωνσταντίνου, Γεώργιος,
|d 1953-
|
| 245 |
1 |
2 |
|a Η στρατηγική ανάπτυξη της ελληνικής οικονομίας :
|b Ο ρόλος του κρατικού κεφαλαίου (1941-1985).
|
| 260 |
|
|
|a Αθήνα :
|b Νέα σύνορα,
|c 1994
|
| 300 |
|
|
|a 133σελ.
|
| 650 |
|
4 |
|a Ελλάδα
|
| 650 |
|
4 |
|a ΕΛΛΗΝΙΚΗ ΟΙΚΟΝΟΜΙΑ
|
| 650 |
|
4 |
|a Οικονομία
|
| 700 |
1 |
|
|a Παπασπηλιόπουλος, Σπήλιος
|e συγγραφέας προλόγου.
|
| 942 |
|
|
|2 ddc
|
| 952 |
|
|
|0 0
|1 0
|2 ddc
|4 0
|6 332_672000000000000_52_ΠΑΠ
|7 0
|9 268642
|a MSLG
|b MSLG
|c BSC
|d 2021-01-17
|e 24
|f 0
|g 0.00
|l 0
|o 332.672 52 ΠΑΠ
|p 2420000009272
|r 2021-01-17 00:00:00
|t 1
|w 2021-01-17
|y BK15
|x 19991111 0 1
|x GrPaTEI
|
| 971 |
|
|
|a .b25750483
|b 24-08-20
|c 13-09-16
|
| 999 |
|
|
|c 154819
|d 154819
|